Finish the Lyrics (Frozen) - Statistics

General Stats
  • This quiz has been taken 2,026 times
  • The average score is 10 of 15
Answer Stats
Hint Answer % Correct
"Arendelle's in deep, deep, deep, deep _____." snow
100%
"Do you wanna build a ______?" snowman
99%
"Beautiful! Powerful! Dangerous! ______!" Cold
85%
"The _____ never bothered me anyway." cold
85%
"The snow glows white on the mountain tonight, not a ________ to be seen." footprint
84%
"Let it go! Let it go! I am one ____/____/____/____/____!" with the wind and sky
72%
"The window is open, so's that door! I didn't know they _____/_____/____!" did that anymore
71%
"Put me in summer and I'll be a... _____/_____!" happy snowman
64%
"All my life has been a series of doors ____/____/____." in my face
61%
"Let it go! Let it go! And I'll rise like the ____/____/____!" break of dawn
58%
"Cut through the heart, cold and clear. Strike for love and strike for ____." fear
54%
"Stronger than one! Stronger than ten! ____/____/____/____/____!" Stronger than a hundred men
43%
"Bees will buzz. Kids'll blow ____/____." dandelion fuzz
35%
"We can fix this fixer-upper up with a ____/____/____/____!" little bit of love
35%
"But reindeers _____ better than people." smell
34%
No matching quizzes found
Score Distribution
Percent of People with Each Score
Percentile by Number Answered
Your Score History
You have not taken this quiz